Metropolitan Fantasies: textos errantes

Tallennettuna:
Bibliografiset tiedot
Päätekijä: Rodríguez Guglielmoni, Linda M.
Aineistotyyppi: Kirja
Kieli:Undetermined
Julkaistu: Santo Domingo, República Dominicana Colección Cotidianas de Estival 2001
Aiheet:
Tagit: Lisää tagi
Ei tageja, Lisää ensimmäinen tagi!

MARC

LEADER 00000nam a2200000Ia 4500
008 170316s9999 xx 000 0 und d
040 |a cru BVZT 
090 |a 860 R-18.1m 
100 |a Rodríguez Guglielmoni, Linda M. 
245 |a Metropolitan Fantasies: textos errantes 
260 |a Santo Domingo, República Dominicana 
260 |b Colección Cotidianas de Estival 
260 |c 2001 
300 |a 55 páginas 
650 |a LITERATURA LATINOAMERICANA 
650 |a LITERATURA CARIBEÑA 
650 |a LITERATURA INGLESA 
999 |c 9140  |d 9140 
942 |c 15 D  |h 860 R-18.1m  |2 z